[Event "St Petersburg Korchnoi Memorial op"]
[Site "St Petersburg"]
[Date "2024.08.22"]
[Round "9"]
[White "Zhambalov, Bator1"]
[Black "Voloshkin, Daniil"]
[Result "0-1"]
[WhiteElo "2068"]
[BlackElo "1925"]
[PlyCount "102"]
[EventDate "2024.08.17"]
[EventType "swiss"]
[EventRounds "9"]
[EventCountry "RUS"]
[SourceTitle "EXT 2025"]
[Source "ChessBase"]
[SourceDate "2024.10.14"]
[SourceVersion "1"]
[SourceVersionDate "2024.10.14"]
[SourceQuality "1"]

1. e4 c5 2. Nf3 d6 3. d4 cxd4 4. Nxd4 Nf6 5. Nc3 a6 6. h3 g6 7. g4 Bg7 8. Bg2 Nfd7 9. 0-0 Nc6 10. Be3 h5 11. g5 0-0 12. a4 Nb6 13. b3 Nxd4 14. Bxd4 Bxd4 15. Qxd4 e5 16. Qd2 Be6 17. Rac1 Rc8 18. Rfd1 Rc6 19. a5 Nd7 20. Ne2 b6 21. f4 exf4 22. Qxf4 bxa5 23. Nd4 Rb6 24. Ra1 Qc7 25. Kh2 Ne5 26. Rxa5 Bc8 27. c4 Re8 28. Qg3 Bb7 29. Ra2 d5 30. Kh1 dxc4 31. bxc4 Qxc4 32. Rad2 Qa4 33. Qc3 Rc8 34. Qg3 Re8 35. Qf4 a5 36. Kh2 Qb4 37. Nc2 Qe7 38. Ne3 a4 39. Ra2 a3 40. Rda1 Rb3 41. Nd5 Bxd5 42. exd5 Qd6 43. Kh1 Reb8 44. Qe4 Nd3 45. Rf1 Qg3 46. d6 Rb1 47. d7 Rxf1+ 48. Bxf1 Ne5 49. Rd2 Rd8 50. Rd5 Nf3 51. Qe8+ Kg7 0-1

[Event "Moscow-ch op Superfinal"]
[Site "Ershovo"]
[Date "2024.02.24"]
[Round "3"]
[White "Voloshkin, Daniil"]
[Black "Igoshkina, Anna"]
[Result "1-0"]
[WhiteElo "2075"]
[BlackElo "1313"]
[PlyCount "85"]
[EventDate "2024.02.23"]
[EventType "swiss"]
[EventRounds "10"]
[EventCountry "RUS"]
[SourceTitle "CBM 219 Extra"]
[Source "ChessBase"]
[SourceDate "2024.05.31"]
[SourceVersion "1"]
[SourceVersionDate "2024.05.31"]
[SourceQuality "1"]

1. d4 d5 2. c4 c6 3. Nc3 Nf6 4. e3 e6 5. b3 Bb4 6. Bb2 Ne4 7. Nge2 dxc4 8. bxc4 0-0 9. a3 Ba5 10. Qc2 Nxc3 11. Nxc3 c5 12. Rd1 cxd4 13. Rxd4 Qg5 14. h4 Qc5 15. Bd3 h6 16. 0-0 Nc6 17. Rg4 e5 18. Bf5 Bxc3 19. Bxc3 Qxa3 20. Rd1 Qe7 21. Rd5 Be6 22. Bxe5 f6 23. Bd6 Qf7 24. Bxf8 Rxf8 25. Bxe6 Qxe6 26. Qg6 Rf7 27. Re4 Qc8 28. Qf5 Qxf5 29. Re8+ Kh7 30. Rxf5 Ne5 31. Rexe5 g6 32. Rf3 Kg7 33. Re6 b6 34. e4 g5 35. hxg5 hxg5 36. Rf5 Kg6 37. g4 Kg7 38. e5 fxe5 39. Rxf7+ Kxf7 40. Rxe5 Kf6 41. Rf5+ Kg6 42. c5 bxc5 43. Rxc5 1-0

[Event "Minsk Amateur op"]
[Site "Minsk"]
[Date "2018.06.26"]
[Round "2"]
[White "Voloshkin, Daniil"]
[Black "Huryn, Valiantsin"]
[Result "0-1"]
[WhiteElo "1396"]
[BlackElo "1953"]
[PlyCount "68"]
[EventDate "2018.06.25"]
[EventType "swiss"]
[EventRounds "9"]
[EventCountry "BLR"]
[SourceTitle "CBM 185 Extra"]
[Source "ChessBase"]
[SourceDate "2018.07.29"]
[SourceVersion "1"]
[SourceVersionDate "2018.07.29"]
[SourceQuality "1"]

1. e4 e5 2. Nf3 Nf6 3. Nxe5 d6 4. Nf3 Nxe4 5. Nc3 Nxc3 6. dxc3 Be7 7. Bd3 Nc6 8. Bf4 Be6 9. 0-0 0-0 10. Re1 Bf6 11. Qd2 Qd7 12. Bg5 Bxg5 13. Nxg5 Bf5 14. Qf4 Bxd3 15. cxd3 h6 16. Ne4 Ne5 17. Rad1 Rae8 18. Qg3 f5 19. f4 fxe4 20. fxe5 Rxe5 21. dxe4 Qe6 22. Qe3 Qxa2 23. Ra1 Qxb2 24. Qxa7 Rc5 25. Qa2+ Qxa2 26. Rxa2 Rxc3 27. Rf1 b5 28. Rb2 Rxf1+ 29. Kxf1 Rc5 30. Ke2 Kf7 31. Ke3 Ke6 32. Rf2 b4 33. Rb2 Rc3+ 34. Kd2 c5 0-1